000 00387nam a2200121 4500
999 _c14093
_d14093
008 190801b ||||| |||| 00| 0 eng d
100 _939117
_aSimeon, Louise Maureen
245 _aAgri chief reaffirms rice self-sufficiency goal/
_cLouise Maureen Simeon
260 _aPhilippines:
_bThe Philippine Star;
_cc2019.
300 _apage B7.
650 0 _939118
_aAgriculture.
942 _2ddc
_cPER